Ecología y contaminación linguística (Record no. 66352)

MARC details
000 -CABECERA
campo de control de longitud fija 00578nam a2200205 a 4500
005 - FECHA Y HORA DE LA ÚLTIMA TRANSACCIÓN
campo de control 20210219153026.0
008 - ELEMENTOS DE LONGITUD FIJA--INFORMACIÓN GENERAL
campo de control de longitud fija 991125n 000 0 spa u
035 ## - NÚMERO DE CONTROL DEL SISTEMA
Número de control de sistema UPN01000073339
100 1# - ASIENTO PRINCIPAL--NOMBRE PERSONAL
Nombre de persona Ruiz Cruz, Juana Josefa
222 ## - TÍTULO CLAVE
Título clave CAMINOS ABIERTOS :
Información calificativa REVISTA PEDAGOGICA
245 ## - MENCIÓN DE TÍTULO
Título Ecología y contaminación linguística
300 ## - DESCRIPCIÓN FÍSICA
Extensión 13-19
362 0# - FECHAS DE PUBLICACIÓN Y/O DESIGNACIÓN SECUENCIAL
Fecha de publicación y/o designación secuencial 2000 9 (105-106)
653 0# - TERMINO DE INDIZACION - NO CONTROLADO
Término no controlado ECOLOGIA
653 0# - TERMINO DE INDIZACION - NO CONTROLADO
Término no controlado EDUCACION AMBIENTAL
653 0# - TERMINO DE INDIZACION - NO CONTROLADO
Término no controlado MEDIO AMBIENTE
700 1# - ASIENTO SECUNDARIO--NOMBRE DE PERSONAL
Nombre de persona Ramírez Beltrán, Rafael Tonatiuh,
Término indicativo de función/relación coaut.
904 ## - ELEMENTOS DE DATOS D LOCAL, LDD (RLIN)
a AC
b 011150
905 ## - TIPO DE MATERIAL
Tipo de material Articulo

No items available.